| 000 | 00365nam a2200157Ia 4500 | ||
|---|---|---|---|
| 008 | 230524s9999 xx 000 0 und d | ||
| 082 |
_a4 _bROU |
||
| 100 | _aSusant K.Rout | ||
| 245 | 0 | _aCecrets (The Dark Side of C) | |
| 250 | _a1ST | ||
| 260 |
_aNEW DELHI _bMGH _c2007 |
||
| 300 | _aXV;182 | ||
| 500 | _aQuantity Number: 2 | ||
| 650 | _aComp-Sc | ||
| 942 | _cBK | ||
| 999 |
_c35896 _d35896 |
||